Структурно-параметрический синтез адаптивных информационных систем на основе нейросетевых методов и архитектуры монография
Рассмотрен вопрос структурно-параметрического синтеза адаптивных информационных систем, изложены подходы к анализу, обработке и генерации данных в них, реализации алгоритмов управления с применением нейросетевых методов и архитектуры. Предложена конкретная реализация нейросетевых методов, сформулиро...
محفوظ في:
| المؤلف الرئيسي: | |
|---|---|
| مؤلفون آخرون: | |
| التنسيق: | Книга |
| اللغة: | Russian |
| منشور في: |
Тамбов
ТГТУ
2021
|
| الوصول للمادة أونلاين: | https://e.lanbook.com/book/320531 https://e.lanbook.com/img/cover/book/320531.jpg |
| الوسوم: |
إضافة وسم
لا توجد وسوم, كن أول من يضع وسما على هذه التسجيلة!
|
| LEADER | 02654nam0a2200289 i 4500 | ||
|---|---|---|---|
| 001 | 320531 | ||
| 003 | RuSpLAN | ||
| 005 | 20240216150941.0 | ||
| 008 | 240216s2021 ru gs 000 0 rus | ||
| 020 | |a 978-5-8265-2353-7 | ||
| 040 | |a RuSpLAN | ||
| 041 | 0 | |a rus | |
| 044 | |a ru | ||
| 080 | |a 4 | ||
| 084 | |a з972.53 |2 rubbk | ||
| 245 | 0 | 0 | |a Структурно-параметрический синтез адаптивных информационных систем на основе нейросетевых методов и архитектуры |b монография |c Обухов А. Д.,Краснянский М. Н. |
| 260 | |a Тамбов |b ТГТУ |c 2021 | ||
| 300 | |a 240 с. | ||
| 504 | |a Библиогр.: доступна в карточке книги, на сайте ЭБС Лань | ||
| 520 | 8 | |a Рассмотрен вопрос структурно-параметрического синтеза адаптивных информационных систем, изложены подходы к анализу, обработке и генерации данных в них, реализации алгоритмов управления с применением нейросетевых методов и архитектуры. Предложена конкретная реализация нейросетевых методов, сформулированы основные принципы методологии синтеза адаптивных информационных систем, проведена их апробация в области систем электронного документооборота. Предназначена для специалистов в области разработки адаптивных систем для различных предметных областей, автоматизации процессов анализа, обработки и генерации данных, реализации систем управления, а также магистрантов и студентов старших курсов, специализирующихся в области системного анализа и разработки информационных систем. | |
| 521 | 8 | |a Книга из коллекции ТГТУ - Инженерно-технические науки | |
| 521 | 8 | |a СЭБ | |
| 100 | 1 | |a Обухов А. Д. | |
| 700 | 1 | |a Краснянский М. Н. | |
| 856 | 4 | |u https://e.lanbook.com/book/320531 | |
| 856 | 4 | 8 | |u https://e.lanbook.com/img/cover/book/320531.jpg |
| 953 | |a https://e.lanbook.com/img/cover/book/320531.jpg | ||